Skúmanie výhod a výziev uhoľných elektrární v kontexte jadrovej energetickej transformácie

Možné budúce modely využívania energie a súvisiace enviromentálne účinky, potenciálne riešenia súčasných enviromentálnych problémov, technológie obnoviteľných zdrojov energie a ich vzťah k trvalo udržateľnému rozvoju s veľkým dôrazom na smer transformácie k jadrovej energii.

Guardado en:
Detalles Bibliográficos
Autor principal: Kuhnová, Lenka, 1989-
Otros Autores: Stričík, Michal, 1969-
Formato: Capítulo de libro
Lenguaje:eslovaco
Materias:
Etiquetas: Agregar Etiqueta
Sin Etiquetas, Sea el primero en etiquetar este registro!

MARC

LEADER 00000naa a2200000 4500
001 0297808
005 20250924093720.3
041 0 |a slo 
044 |a SK 
245 1 0 |a Skúmanie výhod a výziev uhoľných elektrární v kontexte jadrovej energetickej transformácie  |c Lenka Kuhnová, Michal Stričík 
520 |a Možné budúce modely využívania energie a súvisiace enviromentálne účinky, potenciálne riešenia súčasných enviromentálnych problémov, technológie obnoviteľných zdrojov energie a ich vzťah k trvalo udržateľnému rozvoju s veľkým dôrazom na smer transformácie k jadrovej energii. 
610 2 0 |a elektrárne 
610 2 0 |a elektrárne tepelné 
610 2 0 |a elektrárne atómové 
610 2 0 |a uhlie 
610 2 0 |a modely 
610 2 0 |a energia 
610 2 0 |a energia atómová 
610 2 0 |a energia tepelná 
610 2 0 |a rozvoj trvalo udržateľný 
610 2 0 |a výhody komparatívne 
610 2 0 |a transformácia 
610 2 0 |a transformácia energetická 
610 2 0 |a energetika 
100 1 |a Kuhnová, Lenka, 1989- 
700 1 |a Stričík, Michal, 1969-